000 00365 a2200157 4500
001 156751
020 _a8585663510
040 _cEscola São Tomás de Aquino
100 _aJECUPÉ, Kaka Werá
240 1 0 _aTupã Tenondé
_lpor
245 1 0 _aTupã Tenondé
300 _a107 p.
362 0 _a2001
697 _aFolclore / Adivinhações / Lendas
942 _cBK
999 _c156751
_d156751